The 1970s : a new global history from civil rights to economic inequality

Saved in:
Bibliographic Details
Main Author: Borstelmann, Thomas
Format: Book
Language:English
Published: Princeton : Princeton University Press, 2012.
Series:America in the world
Subjects:
Tags: Add Tag
No Tags, Be the first to tag this record!

MARC

LEADER 00000cam a2200000 a 4500
001 1/123731
008 211015s2012####nju ||| |||| ||eng||
020 |a 9780691157917 
040 |a GR-MyUa  |b gre  |c GR-MyUa  |e AACR2 
041 1 |a eng 
082 7 |a 909.827  |2 (23) 
100 1 |a Borstelmann, Thomas. 
245 1 4 |a The 1970s :   |b a new global history from civil rights to economic inequality /   |c Thomas Borstelmann.  
260 |a Princeton :   |b Princeton University Press,   |c 2012.  
300 |a 401 σ. ;   |c 24 εκ.  
490 1 |a (America in the world)  
504 |a Περιλαμβάνει βιβλιογραφικές παραπομπές και ευρετήριο.  
651 0 |a United States  |x History  |y 1969- 
651 0 |a United States  |x Social conditions  |y 1960-1980. 
651 0 |a United States  |x Politics and government  |y 20th century. 
830 0 |a America in the world 
852 |a INST  |b LESVOS  |e 20211015  |h 909.827 BOR  |p 005100063873  |q 005100063873  |t BK  |y 0 
970 |a Καμάτσου  |b Δέσποινα  |z 15-10-2021